Environmental engineering (Record no. 5357)

000 -LEADER
fixed length control field 00678nam a2200241 4500
001 - CONTROL NUMBER
control field 5357
003 - CONTROL NUMBER IDENTIFIER
control field BD-DhUET
008 - FIXED-LENGTH DATA ELEMENTS--GENERAL INFORMATION
fixed length control field 141126b xxu||||| |||| 00| 0 eng d
020 ## - INTERNATIONAL STANDARD BOOK NUMBER
International Standard Book Number 0071002316
040 ## - CATALOGING SOURCE
Transcribing agency 0
Modifying agency BD-DhUET
082 ## - DEWEY DECIMAL CLASSIFICATION NUMBER
Classification number 628
Item number PEA/1985
100 ## - MAIN ENTRY--PERSONAL NAME
Personal name Peavy, Howard S
245 ## - TITLE STATEMENT
Title Environmental engineering
250 ## - EDITION STATEMENT
Edition statement 1st ed.
260 ## - PUBLICATION, DISTRIBUTION, ETC. (IMPRINT)
Place of publication, distribution, etc. New york
Name of publisher, distributor, etc. McGraw-Hill
Date of publication, distribution, etc. 1985
300 ## - PHYSICAL DESCRIPTION
Extent xiv,699 p.+various paging
Other physical details ill.
490 ## - SERIES STATEMENT
Series statement McGraw-Hill series in water resources and environmental engineering
504 ## - BIBLIOGRAPHY, ETC. NOTE
Bibliography, etc Includes bibliographies
650 #0 - SUBJECT ADDED ENTRY--TOPICAL TERM
Topical term or geographic name as entry element Environmental engineering
700 ## - ADDED ENTRY--PERSONAL NAME
Personal name Rowe, Donald R.
700 ## - ADDED ENTRY--PERSONAL NAME
Personal name Tchobanoglous, George
942 ## - ADDED ENTRY ELEMENTS (KOHA)
Koha item type General Book
Holdings
Koha renewals Price effective from Not for loan Withdrawn status Piece designation (barcode) Koha date last seen Koha item type Lost status Source of classification or shelving scheme Koha issues (times borrowed) Date acquired Damaged status Location (home branch) Koha date last borrowed Copy number Sublocation or collection (holding branch) Koha full call number Koha normalized classification for sorting Shelving location
 2014-11-26  818962024-09-08General Book  92014-11-26 Central Library, BUET2023-12-101Central Library, BUET628/PEA/1985628PEA1985Circulation section
 2014-11-26  818952024-06-02General Book  102014-11-26 Central Library, BUET2024-03-162Central Library, BUET628/PEA/1985628PEA1985Circulation section
 2015-06-18  887882015-06-18Reading Item   2015-06-18 Central Library, BUET 3Central Library, BUET628/PEA/1985628_000000000000000_PEA_1985Reading section
 2015-06-18  875792015-06-18Reading Item   2015-06-18 Central Library, BUET 4Central Library, BUET628/PEA/1985628_000000000000000_PEA_1985Reading section
 2017-10-31  818942021-11-13General Book  21991-10-28 Central Library, BUET2020-03-165Central Library, BUET628/PEA/1985628_000000000000000_PEA_1985Circulation section
 2024-12-01  818472024-12-01Rental Item   1991-10-28 Central Library, BUET ক-৫১Central Library, BUET628 PEA/1985628_000000000000000_PEA_1985Rental section
 2024-12-01  818742024-12-01Rental Item   1991-10-28 Central Library, BUET ক-৭৮Central Library, BUET628 PEA/1985628_000000000000000_PEA_1985Rental section
 2024-12-01  818752024-12-01Rental Item   1991-10-28 Central Library, BUET ক-৭৯Central Library, BUET628 PEA/1985628_000000000000000_PEA_1985Rental section
 2024-12-01  818762024-12-01Rental Item   1991-10-28 Central Library, BUET ক-৮০Central Library, BUET628 PEA/1985628_000000000000000_PEA_1985Rental section
 2024-12-01  818772024-12-01Rental Item   1991-10-28 Central Library, BUET ক-৮১Central Library, BUET628 PEA/1985628_000000000000000_PEA_1985Rental section
 2024-12-01  818782024-12-01Rental Item   1991-10-28 Central Library, BUET ক-৮২Central Library, BUET628 PEA/1985628_000000000000000_PEA_1985Rental section
 2024-12-01  818792024-12-01Rental Item   1991-10-28 Central Library, BUET ক-৮৩Central Library, BUET628 PEA/1985628_000000000000000_PEA_1985Rental section
 2024-12-01  818802024-12-01Rental Item   1991-10-28 Central Library, BUET ক-৮৪Central Library, BUET628 PEA/1985628_000000000000000_PEA_1985Rental section
 2024-12-01  818812024-12-01Rental Item   1991-10-28 Central Library, BUET ক-৮৫Central Library, BUET628 PEA/1985628_000000000000000_PEA_1985Rental section
 2024-12-01  818822024-12-01Rental Item   1991-10-28 Central Library, BUET ক-৮৬Central Library, BUET628 PEA/1985628_000000000000000_PEA_1985Rental section
 2024-12-01  818832024-12-01Rental Item   1991-10-28 Central Library, BUET ক-৮৭Central Library, BUET628 PEA/1985628_000000000000000_PEA_1985Rental section
 2024-12-01  818842024-12-01Rental Item   1991-10-28 Central Library, BUET ক-৮৭Central Library, BUET628 PEA/1985628_000000000000000_PEA_1985Rental section